आनन्द-वर्षा / (Record no. 117444)
[ view plain ]
| 000 -LEADER | |
|---|---|
| fixed length control field | 01226nam a22002897a 4500 |
| 003 - CONTROL NUMBER IDENTIFIER | |
| control field | dpl |
| 005 - DATE AND TIME OF LATEST TRANSACTION | |
| control field | 20180827132754.0 |
| 008 - FIXED-LENGTH DATA ELEMENTS--GENERAL INFORMATION | |
| fixed length control field | 180703b xxu||||| |||| 00| 0 eng d |
| 010 ## - LIBRARY OF CONGRESS CONTROL NUMBER | |
| LC control number | B-116592 |
| 020 ## - INTERNATIONAL STANDARD BOOK NUMBER | |
| Terms of availability | 195.00 |
| International Standard Book Number | 8126706260 |
| 035 ## - SYSTEM CONTROL NUMBER | |
| System control number | B-116592 ,B-116596 |
| 037 ## - SOURCE OF ACQUISITION | |
| Source of stock number/acquisition | Cen Lib/Ret |
| 040 ## - CATALOGING SOURCE | |
| Original cataloging agency | DPL |
| Language of cataloging | HN |
| Transcribing agency | 0 |
| 082 ## - DEWEY DECIMAL CLASSIFICATION NUMBER | |
| Classification number | उ |
| Item number | कक्कड़ |
| 100 ## - MAIN ENTRY--PERSONAL NAME | |
| Personal name | कक्कड़, सुधीर |
| 9 (RLIN) | 74640 |
| 245 ## - TITLE STATEMENT | |
| Title | आनन्द-वर्षा / |
| Statement of responsibility, etc | सुधीर कक्कड़ ; अनुवादक कल्पना वर्मा |
| 246 ## - VARYING FORM OF TITLE | |
| Title proper/short title | Anand-varsha / |
| Remainder of title | by Sudheer Kakkad ; anuvadak Kalpana Verma |
| 260 ## - PUBLICATION, DISTRIBUTION, ETC. (IMPRINT) | |
| Place of publication, distribution, etc | नई दिल्ली |
| Name of publisher, distributor, etc | राजकमल प्रकाशन |
| Date of publication, distribution, etc | 2003 |
| 270 ## - ADDRESS | |
| Address | 1-बी, नेताजी सुभाष मार्ग, |
| City | नई दिल्ली |
| Postal code | 110002 |
| 300 ## - PHYSICAL DESCRIPTION | |
| Extent | 163पृ. |
| Dimensions | 21सेमी(सजिल्द) |
| 650 ## - SUBJECT ADDED ENTRY--TOPICAL TERM | |
| Topical term or geographic name as entry element | हिन्दी साहित्य |
| 9 (RLIN) | 74641 |
| 650 ## - SUBJECT ADDED ENTRY--TOPICAL TERM | |
| Topical term or geographic name as entry element | हिन्दी -- उपन्यास |
| 9 (RLIN) | 74642 |
| 650 ## - SUBJECT ADDED ENTRY--TOPICAL TERM | |
| Topical term or geographic name as entry element | Hindi literature |
| 9 (RLIN) | 74643 |
| 650 ## - SUBJECT ADDED ENTRY--TOPICAL TERM | |
| Topical term or geographic name as entry element | Hindi -- Fiction |
| 9 (RLIN) | 27248 |
| 700 ## - ADDED ENTRY--PERSONAL NAME | |
| Personal name | वर्मा, कल्पना |
| 9 (RLIN) | 74644 |
| 942 ## - ADDED ENTRY ELEMENTS (KOHA) | |
| Source of classification or shelving scheme | Dewey Decimal Classification |
| Koha item type | Hindi Books |
| Classification part | उ |
| Call number suffix | कक्कड़ |
| Withdrawn status | Lost status | Damaged status | Not for loan | Home library | Current library | Date acquired | Source of acquisition | Cost, normal purchase price | Total Checkouts | Full call number | Barcode | Date last seen | Date checked out | Copy number | Cost, replacement price | Price effective from | Koha item type | Source of classification or shelving scheme | Collection code | Total Renewals | Shelving location |
|---|---|---|---|---|---|---|---|---|---|---|---|---|---|---|---|---|---|---|---|---|---|
| Central Library | Central Library | 04/09/2015 | Cen Lib/Ret | 195.00 | 3 | उ कक्कड़ | B-116592 | 21/09/2019 | 19/09/2019 | 1 | 195.00 | 04/09/2015 | Hindi Books | ||||||||
| Patel Nagar | Patel Nagar | BPPD/PUB | 195.00 | उ कक्कड़ | B-116593 | 21/01/2020 | 1 | 195.00 | 21/01/2020 | Hindi Books | Dewey Decimal Classification | Fiction | Fiction | ||||||||
| Sarojini Nagar | Sarojini Nagar | 05/10/2018 | 4 | उ कक्कड़ | B-116598 | 02/12/2019 | 18/11/2019 | 05/10/2018 | Hindi Books | Dewey Decimal Classification | Fiction | 2 | |||||||||
| Shahdara Branch | Shahdara Branch | 03/07/2018 | BPPD/PUB | 195.00 | 1 | उ कक्कड़ | B-116606 | 05/07/2022 | 20/06/2022 | 195.00 | 03/07/2018 | Hindi Books | Dewey Decimal Classification | Fiction | |||||||
| Tri Nagar | Tri Nagar | 27/08/2018 | BPPD/PUB | 195.00 | उ कक्कड़ | B-116596 | 27/08/2018 | 195.00 | 27/08/2018 | Hindi Books | Dewey Decimal Classification | Fiction |
